Mastering Arcgis. / (Record no. 200)
[ view plain ]
| 000 -LEADER | |
|---|---|
| fixed length control field | 00772nam a22001577a 4500 |
| 008 - FIXED-LENGTH DATA ELEMENTS--GENERAL INFORMATION | |
| fixed length control field | 111028t xxu||||| |||| 00| 0 eng d |
| 020 ## - INTERNATIONAL STANDARD BOOK NUMBER | |
| International Standard Book Number | 9780072918144 0072918144 |
| 050 ## - LIBRARY OF CONGRESS CALL NUMBER | |
| Classification number | G70.212.P74 |
| 100 ## - MAIN ENTRY--PERSONAL NAME | |
| Personal name | Price, Maribeth Hughett |
| 245 ## - TITLE STATEMENT | |
| Title | Mastering Arcgis. / |
| Statement of responsibility, etc. | Price, Maribeth Hughett |
| 260 ## - PUBLICATION, DISTRIBUTION, ETC. | |
| Place of publication, distribution, etc. | Boston: |
| Name of publisher, distributor, etc. | Mcgraw-hill |
| Date of publication, distribution, etc. | 2004. |
| 300 ## - PHYSICAL DESCRIPTION | |
| Extent | xi, 580p. |
| Other physical details | ills. |
| Dimensions | 24cm. |
| 500 ## - GENERAL NOTE | |
| General note | Includes index. |
| 505 ## - FORMATTED CONTENTS NOTE | |
| Formatted contents note | Cotents: What is GIS -- Introducing Arcgis -- Working with Arcmap -- Coordinate systems and map projections -- Drawing and symbolizing features -- Working with tables -- Presenting data -- Queries -- Spatial joins -- Map overlay -- Geocoding -- Basic editing techniques -- Working with geodatabases -- Analyzing networks -- Raster analysis. |
| 942 ## - ADDED ENTRY ELEMENTS (KOHA) | |
| Source of classification or shelving scheme | Library of Congress Classification |
| Koha item type | Books |
| Withdrawn status | Lost status | Source of classification or shelving scheme | Damaged status | Not for loan | Home library | Current library | Shelving location | Date acquired | Total Checkouts | Full call number | Barcode | Date last seen | Copy number | Price effective from | Koha item type |
|---|---|---|---|---|---|---|---|---|---|---|---|---|---|---|---|
| Library of Congress Classification | WISCONSIN INTERNATIONAL UNIVERSITY COLLEGE, GHANA - MAIN LIBRARY | WISCONSIN INTERNATIONAL UNIVERSITY COLLEGE, GHANA - MAIN LIBRARY | General Stacks | 28/10/2011 | G70.212.P74 | 528/11 | 28/10/2011 | 1 | 28/10/2011 | Books |
